| 000 | 00367cam a22001097a 4500 | ||
|---|---|---|---|
| 008 | 180718b2000 xxu||||| |||| 00| 0 eng d | ||
| 100 | _aSchady, Norbert R. | ||
| 245 |
_aPicking the poor: indicators for geographic targeting in Peru _cby Norbert R. Schady |
||
| 260 |
_aWashington, D.C. _bWorld Bank _c2000 |
||
| 300 | _a23p. | ||
| 440 | _aPolicy research working paper 2477 | ||
| 999 |
_c284938 _d284938 |
||